Óscar (Registo nº 198957)
[ vista simples ]
| 000 -Etiqueta do registo | |
|---|---|
| Valores | 00774nam 22002413 4500 |
| 010 ## - Número ISBN | |
| ISBN | 978-989-53431-3-3 |
| 021 ## - Número do Depósito Legal | |
| Código do país | Portugal |
| Número | 539170/24 |
| 100 ## - Dados gerais de processamento | |
| Dados gerais | 20251111d u||y0pory50 ba |
| 200 ## - Titulo e menção de responsabilidade | |
| Título próprio | Óscar |
| Informação de outro título | uma história sobre o 25 de Abril |
| Primeira menção de responsabilidade | Ana Cristina Oliveira, Ana Luísa Ventura e Dilar Pelica |
| Outras menções de responsabilidade | ilustração Paulo Pereira |
| 205 ## - Menção da edição | |
| Edição | 1ª |
| 210 ## - Publicação | |
| Local de publicação | Odivelas |
| Nome do editor | Câmara Municipal de Odivelas |
| Data de publicação | 2024 |
| 215 ## - Descrição física | |
| Paginação / Volumes | 45 p. |
| Outras indicações físicas | il. ; brochado |
| Dimensões | 22 cm |
| 606 ## - Nome comum usado como assunto | |
| ID Autoridade | 51 |
| Palavra de ordem | Literatura Juvenil Portuguesa |
| 610 ## - Termos não controlados | |
| Palavra de ordem | 25 de Abril |
| 675 ## - CDU | |
| Notação | 821.134.3-93 |
| Edição | PT |
| Língua | por |
| 700 ## - Autor principal (pessoa individual) | |
| ID Autoridade | 5639 |
| Apelido | Oliveira |
| Nome | Ana Cristina |
| 701 ## - Co-autor principal (pessoa individual) | |
| ID Autoridade | 14868 |
| Apelido | Ventura |
| Nome | Ana Luísa |
| 701 ## - Co-autor principal (pessoa individual) | |
| ID Autoridade | 14869 |
| Apelido | Pelica |
| Nome | Dilar |
| 801 ## - Fonte de origem | |
| País | PT |
| Agência | BMMN |
| Regras de catalogação | RPC |
| 830 ## - Notas gerais do catalogador | |
| Criado por | Isabel |
| 990 ## - Elementos KOHA | |
| Tipo de documento | Livro |
| Situação do levantamento | Biblioteca de origem | Código de barras | Cota | Permissão de empréstimo | Tipo de documento | Forma de aquisição |
|---|---|---|---|---|---|---|
| Biblioteca Municipal de Montemor-o-Novo | 27602 | 821.134.3-93 OLI|AIJ | Livro | Oferta |